| 000 | 00357nam a2200133Ia 4500 | ||
|---|---|---|---|
| 005 | 20260328104305.0 | ||
| 008 | 260328s9999||||xx |||||||||||||| ||und|| | ||
| 100 | _aMorteo, Enrico | ||
| 245 | 0 |
_aDiseño : _b Desde 1850 hasta la Actualidad / _cEnrico Morteo |
|
| 260 | _bElecta | ||
| 300 | _a421 p. | ||
| 650 | _aDISEÑO INDUSTRIAL - ELEMENTOS | ||
| 942 | _cBK | ||
| 999 |
_c10749 _d10749 |
||